| 000 | 02026nam a2200337 i 4500 | ||
|---|---|---|---|
| 001 | 5228441 | ||
| 003 | CZ PrSKC | ||
| 005 | 20260429111543.0 | ||
| 007 | ta | ||
| 008 | 260408s2026 xr g 000 f cze | ||
| 020 |
_a9788027744435 _cKč 499,00 |
||
| 040 |
_aABG001 _bcze _erda |
||
| 041 | 1 |
_acze _heng |
|
| 072 | 7 |
_a821.111(73)-3 _xAmerická próza _2Konspekt |
|
| 080 |
_a821.111(73)-31 _2MRF |
||
| 080 |
_a(0:82-31) _2MRF |
||
| 100 | 1 |
_aGilmore, Lucy _4aut _920734 |
|
| 240 | 1 | 0 |
_aLibrary of borrowed hearts. _lČesky |
| 245 | 1 | 0 |
_aKnihovna vypůjčených srdcí / _cLucy Gilmore ; přeložila Karolina Limrová |
| 264 | 1 |
_aPraha : _bDobrovský s.r.o., _c2026 |
|
| 300 |
_a357 stran ; _c21 cm |
||
| 490 | 1 | _aKontrast | |
| 500 | _aPřeloženo z angličtiny | ||
| 520 | 2 |
_aRomantický příběh vypráví o neohrožené Chloe, která se sama stará o své tři mladší sourozence. Rozhodně to nemá jednoduché. Přesto ji čeká jedno velké překvapení, které jí změní život. _bChloe Sampsonová to nemá lehké: stará se o tři mladší sourozence, hledá své pravé já a snaží se vydělat dost na to, aby měli z čeho žít. Už se zdá, že se ocitla v koncích, když ve sklepení knihovny, kde pracuje, najde velmi vzácnou starou knihu. K jejímu úžasu se vzápětí na prahu jejího domu objeví věčně nabručený samotářský soused a nabídne jí za ni doslova majlant. Když si ji Chloe prohlédne podrobněji, zjistí, že si na okrajích stránek dva mladí milenci kdysi nechávali vzkazy. Chloe nedokáže záhadě odolat a rozhodne se jí přijít na kloub. S nadšením zjišťuje, že to nebyla jediná kniha plná romantických vzkazů. Čím hlouběji se však do dechberoucí honby za pokladem noří, tím víc otázek vyvstává. Nakladatelská anotace. Kráceno. |
|
| 655 | 7 | _aamerické romány | |
| 655 | 9 | _aAmerican fiction | |
| 700 | 1 |
_aLimrová, Karolina, _d1979- _4trl _912324 |
|
| 710 | 2 |
_aDobrovský (firma) _4pbl _920424 |
|
| 910 | _aABG508 | ||
| 999 |
_c34242 _d34242 |
||